Nomeie times do futebol brasileiro - Statistics

Estatísticas Gerais
  • Esse quiz foi jogado 38 vezes
    26 desde o último reset
  • A pontuação média é 97 de 240
Estatísticas das Respostas
TIMES % Correto
Santos - AP
100%
Santos - SP
100%
Flamengo
96%
Fluminense - PI
96%
Fluminense - RJ
96%
São Paulo
96%
Atlético - AC
92%
Atlético - BA
92%
Atlético - CE
92%
Atlético - GO
92%
Atlético - MG
92%
Atlético - PB
92%
Palmeiras
92%
Botafogo - RJ
88%
Corinthians
88%
Grêmio
88%
Internacional
88%
Bahia
84%
Goiás
84%
Cruzeiro - AL
80%
Cruzeiro - MG
80%
Vasco da Gama
80%
Vitória - BA
80%
Vitória - ES
80%
America - MG
76%
America - RN
76%
Brasil - RS
76%
Chapecoense
76%
Remo
76%
Avaí
72%
Ceará
72%
Fortaleza
72%
Mirassol
72%
Paysandu
72%
Ponte Preta
72%
Portuguesa - RJ
72%
Portuguesa Santista
72%
Portuguesa - SP
72%
Santa Cruz - PE
72%
Santa Cruz - RN
72%
Santa Cruz - RS
72%
Sport
72%
Athletic
68%
Coritiba
68%
Cuiabá
68%
RB Bragantino
68%
Bangu
64%
Caxias
64%
CSA
64%
Joinville
64%
Náutico - PE
64%
Náutico - RR
64%
Amazonas
60%
Brasiliense
60%
Manaus
60%
Volta Redonda
60%
Bragantino - PA
56%
CRB
56%
Criciúma
56%
Figueirense
56%
Gama
56%
Guarani
56%
Juventude - MA
56%
Juventude - RS
56%
Operário - MS
56%
Operário - MT
56%
Operário - PR
56%
Sampaio Corrêa
56%
ABC
52%
Ferroviária
52%
Ituano
52%
Juventus
52%
Londrina
52%
Madureira
52%
Paraná
52%
Rio Branco - AC
52%
Rio Branco - ES
52%
Rio Branco - PR
52%
São Caetano
52%
ASA
48%
Boavista
48%
Juazeirense
48%
Maringá
48%
Nova Iguaçu
48%
São José - RS
48%
São José - SP
48%
Sergipe
48%
Uberlândia
48%
Ypiranga - AP
48%
Ypiranga - RS
48%
Athletico
44%
Brusque
44%
Campinense
44%
Ferroviário
44%
Ipatinga
44%
Moto Club
44%
Novorizontino
44%
Oeste
44%
Palmas
44%
Retrô
44%
River
44%
Santo André
44%
Sousa
44%
Betim
40%
Botafogo - PB
40%
Confiança
40%
FC Cascavel
40%
Goiânia
40%
Icasa
40%
Inter de Limeira
40%
Serra
40%
Tocantinópolis
40%
Tombense
40%
Treze
40%
URT
40%
Vila Nova
40%
Anápolis
36%
Aparecidense
36%
Audax Rio
36%
Barra
36%
Caldense
36%
Ceilândia
36%
Goianésia
36%
Grêmio Anápolis
36%
Jacuipense
36%
Luverdense
36%
Maranhão
36%
Marília
36%
Novo Hamburgo
36%
São Bernardo FC
36%
Tubarão
36%
Água Santa
32%
Águia de Marabá
32%
Altos
32%
Boa Esporte
32%
Central
32%
Cianorte
32%
Floresta
32%
Globo
32%
Itabaiana
32%
Mixto
32%
Nacional - AM
32%
Nacional - PB
32%
Nacional - PR
32%
Tuna Luso
32%
Velo Clube
32%
XV de Piracicaba
32%
Bahia de Feira
28%
CRAC
28%
CSE
28%
Democrata-GV
28%
Democrata SL
28%
Iguatu
28%
Marcílio Dias
28%
Pelotas
28%
Porto Velho
28%
Potiguar
28%
Pouso Alegre
28%
Resende
28%
São Bento
28%
Trem
28%
Botafogo - SP
24%
Cabofriense
24%
Camboriú
24%
Imperatriz
24%
Maricá
24%
Olaria
24%
São Luiz
24%
São Raimundo - AM
24%
São Raimundo - RR
24%
Aimoré
20%
Azuriz
20%
Capital - TO
20%
Castanhal
20%
Concórdia
20%
Galvez
20%
Manauara
20%
Maracanã
20%
Petrolina
20%
Salgueiro
20%
União Rondonópolis
20%
Afogados
16%
Cametá
16%
Caucaia
16%
Coruripe
16%
Itabirito
16%
Itabuna
16%
Murici
16%
Parnahyba
16%
Patrocinense
16%
Picos
16%
Sinop
16%
Aquidauanense
12%
Baré
12%
Esportivo
12%
GAS
12%
Hercílio Luz
12%
Humaitá
12%
Independente - AP
12%
Independente - PA
12%
Interporto
12%
Ji-Paraná
12%
Princesa do Solimões
12%
Real Brasília
12%
Santa Catarina
12%
Toledo
12%
Tuntum
12%
Vitória da Conquista
12%
Águia Negra
8%
Avenida
8%
Barbalha
8%
Cordino
8%
Crato
8%
Fast Clube
8%
Glória
8%
Iporá
8%
Lagarto
8%
Nova Mutum
8%
Pacajus
8%
Peñarol
8%
Pérolas Negras
8%
Real Noroeste
8%
São Francisco - AC
8%
Villa Nova
8%
Costa Rica
4%
Frei Paulistano
4%
Guarany de Sobral
4%
Jaciobá
4%
Jaraguá
4%
Nova Venécia
4%
Paragominas
4%
Quatro de Julho
4%
Real Ariquemes
4%
Santana
4%
Sãojoseense
4%
Tupynambás
4%
Vilhenense
4%
Falcon
0%
Próspera
0%
São Paulo Crystal
0%
Nenhum quiz correspondente encontrado
Distribuição das Pontuações
Porcentagem de Pessoas com Cada Pontuação
Percentil de Números Respondidos
Sua Pontuação Histórica
Você não jogou esse quiz desde o último reset